00434pab a2200157 454500008004000000100002200040245010000062260000900162300001200171362001000183650001700193650001400210650001800224650001400242773002000256180718b1999 xxu||||| |||| 00| 0 eng d aSorabjee, Soli J. aThe role of lawyers and the judiciary in upholding the constitution, democracy and human rights c1999 ap.11-18 a7 Jun aHuman rights aDemocracy aConstitutions aJudiciary aUniversity News